Network reconfiguration for loss reduction in distribution systems /
Saved in:
| Main Author: | |
|---|---|
| Format: | Thesis Book |
| Language: | English |
| Published: |
2009.
|
| Subjects: | |
| Tags: |
Add Tag
No Tags, Be the first to tag this record!
|
| LEADER | 01248cam a2200289 a 4500 | ||
|---|---|---|---|
| 001 | u801657 | ||
| 003 | SIRSI | ||
| 005 | 201012130951 | ||
| 008 | 101213s2009 my t 000 0 eng m | ||
| 040 | |a UMM | ||
| 090 | |a TK7 |b UM 2009 Zeh | ||
| 097 | |a TK7 |b UM 2009 Zeh | ||
| 100 | 1 | |a Zehra, Essa-J-Abdul. | |
| 245 | 1 | 0 | |a Network reconfiguration for loss reduction in distribution systems / |c Essa-J-Abdul Zehra. |
| 260 | |c 2009. | ||
| 300 | |a xiv, 179 leaves : |b ill. ; |c 30 cm. | ||
| 502 | |a Dissertation (M.Eng.(Electr.Energy Power Syst.)) -- Jabatan Kejuruteraan Elektrik, Fakulti Kejuruteraan, Universiti Malaya, 2010. | ||
| 504 | |a Bibliography: leaves 177-179. | ||
| 650 | 0 | |a Electric power systems |x Electric losses |x Data processing. | |
| 650 | 0 | |a Electric power systems |x Load dispatching |x Data processing. | |
| 650 | 0 | |a Electric power transmission |x Data processing. | |
| 650 | 0 | |a Electric power distribution |x Data processing. | |
| 710 | 2 | 0 | |a Universiti Malaya. |b Jabatan Kejuruteraan Elektrik. |
| 900 | |a NHS-ZA | ||
| 596 | |a 1 7 | ||
| 999 | |a TK7 UM 2009 ZEH |w LC |c 1 |i A513767506 |d 18/7/2012 |e 3/5/2012 |f 12/5/2011 |g 1 |l STACKS |m P01UTAMA |n 1 |r Y |s Y |t TESIS |u 10/5/2011 | ||
| 999 | |a TK7 UM 2009 ZEH |w LC |c 1 |i A513407919 |l STACKS |m P07JURUTER |r Y |s Y |t TESIS |u 10/6/2011 | ||
